History Quiz

Random History or Art Quiz
Score 0/18 Timer 04:00
0 Plays Today
% Correct
Andy Warhol
86.1%
Michelangelo
80.7%
Leonardo da Vinci
76.5%
Claude Monet
73.1%
Frida Kahlo
72.3%
Pablo Picasso
59.8%
James Whistler
58%
Edward Hopper
53.2%
Grant Wood
52.3%
% Correct
Gustav Klimt
49.7%
Vincent van Gogh
40.8%
Jean-Michel Basquiat
34.7%
Banksy
32.4%
Auguste Rodin
32.1%
Cassius Coolidge
31.5%
Théodore Géricault
30.1%
Tracey Emin
28.3%
Henri Matisse
24.9%
Remove Ads.
Support Sporcle.
Get the best of Sporcle when you Go Orange. This ad-free experience offers more features, more stats, and more fun while also helping to support Sporcle. Thank you for becoming a member.

You're not logged in!

Compare scores with friends on all Sporcle quizzes.
OR
Log In

Show Comments

Extras

Top Quizzes Today


Score Distribution

Your Account Isn't Verified!

In order to create a playlist on Sporcle, you need to verify the email address you used during registration. Go to your Sporcle Settings to finish the process.

Report this User

Report this user for behavior that violates our Community Guidelines.

Details: